000 00994cam a22002777a 4500
001 1329
005 20230816161839.0
008 100728s2011 nyua 000 0 eng
020 _a9780061885198 (pbk. bdg.)
040 _aDLC
_cDLC
_beng
_dFISKH
050 0 0 _aPZ7.S27588
082 _aFic
100 1 _aSazaklis, John
245 1 0 _aSuperman
_bEscape from the Phantom Zone /
_cby John Sazaklis ; pictures by Steven E. Gordon.
260 _aNew York, NY :
_bHarperCollins,
_c2011.
300 _a26 pages :
_bcolor illustrations ;
_c23 cm
490 0 _aI can read! Reading with help
505 _aF
520 _aWhen General Zod and his followers break free from the Phantom Zone and seek their revenge, it is up to Superman, Batman, and Wonder Woman to stop the criminals before it is too late.
521 _a340
_bLexile
521 _aF
_bRaz-Plus
650 _2Comics
700 1 _aGordon, Steven E.
906 _a7
_bcbc
_corignew
_d4
_eepcn
_f20
_gy-gencatlg
942 _2ddc
_cBK
_n0
999 _c1329
_d1329